Los sacramentos / (Record no. 143767)

MARC details
000 -LEADER
campo de control de longitud fija 00980nam a22003011 4500
001 - NÚMERO DE CONTROL
campo de control 143767
003 - IDENTIFICADOR DE NÚMERO DE CONTROL
campo de control SpMaBN
005 - FECHA Y HORA DE LA ÚLTIMA TRANSACCIÓN
campo de control 20240129115322.0
008 - DATOS DE LONGITUD FIJA--INFORMACIÓN GENERAL
campo de control de longitud fija 981210s1964 sp spa
016 7# - NÚMERO DE CONTROL DE UNA AGENCIA BIBLIOGRÁFICA NACIONAL
Número de control del registro bimoBNE20000214344
Número de control cancelado/no válido IND9800834539
Fuente SpMaBN
035 ## - NÚMERO DE CONTROL DEL SISTEMA
Número de control de sistema (OCoLC)434400952
040 ## - FUENTE DE CATALOGACIÓN
Centro catalogador/agencia de origen SpMaBN
Lengua de catalogación spa
Centro/agencia transcriptor CDM
Centro/agencia modificador ES-MaACL
080 ## - NÚMERO DE LA CLASIFICACIÓN DECIMAL UNIVERSAL
Número de la Clasificación Decimal Universal 265
100 ## - ENTRADA PRINCIPAL--NOMBRE DE PERSONA
Nombre de persona Sheen, Fulton J.
Fechas asociadas al nombre 1895-1979
Número de control del registro de autoridad o número normalizado XX820391
9 (RLIN) 227301
245 14 - MENCIÓN DEL TÍTULO
Título Los sacramentos /
Mención de responsabilidad, etc. Fulton J. Sheen ; [traducción del inglés por Juan G. de Luaces]
250 ## - MENCION DE EDICION
Mención de edición 1ª. ed.
260 ## - PUBLICACIÓN, DISTRIBUCIÓN, ETC.
Lugar de publicación, distribución, etc. Barcelona :
Nombre del editor, distribuidor, etc. Planeta ;
-- [Duplex,
Fecha de publicación, distribución, etc. 1964]
300 ## - DESCRIPCIÓN FÍSICA
Extensión 242 p., 3 h. ;
Dimensiones 20 cm
490 0# - MENCIÓN DE SERIE
Mención de serie Colección Razón y Fé
650 #7 - PUNTO DE ACCESO ADICIONAL DE MATERIA--TÉRMINO DE MATERIA
Término de materia o nombre geográfico como elemento de entrada Sacramentos
Fuente del encabezamiento o término embne
9 (RLIN) 16963
700 0# - ENTRADA AGREGADA--NOMBRE PERSONAL
Nombre de persona Luaces, Juan G. de
Fechas asociadas al nombre 1906-1963
9 (RLIN) 227304
830 ## - PUNTO DE ACCESO ADICIONAL DE SERIE-TÍTULO UNIFORME
Título uniforme Razón y fe
9 (RLIN) 187282
852 ## - LOCALIZACIÓN
Ubicación ES-MaACL
Sublocalización o colección R.54596
Ubicación en estantería Depósito 2
Número de control de estantería C-25786
itemnumber 148959
942 ## - ELEMENTOS DE ENTRADA SECUNDARIOS (KOHA)
Fuente del sistema de clasificación o colocación Clasificación decimal universal
Tipo de ítem Koha Libro impreso
Holdings
Estatus retirado Estado de pérdida Fuente del sistema de clasificación o colocación Estado de daño No para préstamo Biblioteca de origen Biblioteca actual Ubicación en estantería Fecha de adquisición Total de préstamos Signatura topográfica completa Código de barras Visto por última vez Precio de reemplazo Tipo de ítem Koha
    Clasificación decimal universal     Biblioteca del Ateneo de Madrid Biblioteca del Ateneo de Madrid Depósito 2 17/01/2008   C-25786 1149576 23/02/2023 23/02/2023 Libro impreso